UBT Library

(S)a mund t'i besohet lidershipit të Kosovës? (Record no. 198)

000 -LEADER
fixed length control field 00605nam a22001937a 4500
008 - FIXED-LENGTH DATA ELEMENTS--GENERAL INFORMATION
fixed length control field 131029b xxu||||| |||| 00| 0 alb d
020 ## - INTERNATIONAL STANDARD BOOK NUMBER
International Standard Book Number 9789951437202
041 0# - LANGUAGE CODE
Language code of text/sound track or separate title alb
080 ## - UNIVERSAL DECIMAL CLASSIFICATION NUMBER
Universal Decimal Classification number 328
Common auxiliary subdivision (496.5)
100 1# - Rafti
Rafti Beqaj, Belul
245 ## - TITLE STATEMENT
Title (S)a mund t'i besohet lidershipit të Kosovës?
Statement of responsibility, etc Belul Beqaj
260 ## -
-- Prishtinë :
-- Universiteti për Biznes dhe Teknologji ;
-- 2012
300 ## -
-- 238 f. ;
-- 24 cm.
500 ## -
-- Parathënie : f. 7-8
505 ## -
-- Shënim për autorin : f. 237
650 ## -
-- Qeveritë përfaqësuese dhe përfaqësimi
650 ## -
-- Politika dhe qeverisja
942 ## - ADDED ENTRY ELEMENTS (KOHA)
Source of classification or shelving scheme
Item type Books
Holdings
Withdrawn status Lost status Source of classification or shelving scheme Damaged status Not for loan Collection code Permanent location Current location Shelving location Date acquired Total Checkouts Full call number Barcode Date last seen Koha item type Price effective from Copy number
          Koleksioni i përgjithshem UBT - Lipjan UBT - Lipjan   01/05/2026       01/05/2026 Books 01/05/2026  
          Koleksioni i përgjithshem UBT - Lipjan UBT - Lipjan   01/05/2026     002-800070999347 01/05/2026 Books 01/05/2026 5
            UBT - Lipjan UBT - Lipjan   01/05/2026     002-800070999332 01/05/2026 Books 01/05/2026  
          Koleksioni i përgjithshem UBT - Prishtine UBT - Prishtine Koleksioni i përgjithshem 10/29/2013   328(496.5) BEQ 001-000221 10/29/2013 Books    
          Koleksioni i përgjithshem UBT - Prishtine UBT - Prishtine Koleksioni i përgjithshem 10/29/2013   328(496.5) BEQ 001-000220 10/29/2013 Books    
            UBT - Prishtine UBT - Prishtine   01/05/2026     002-800070999346 01/05/2026 Books 01/05/2026  
            UBT - Prishtine UBT - Prishtine   01/05/2026     002-800070999342 01/05/2026 Books 01/05/2026  
            UBT - Prishtine UBT - Prishtine   01/05/2026     002-800070999337 01/05/2026 Books 01/05/2026  
UBT Library © 2015-2024. All rights reserved University Education for Business and Technology